000 00570nam a2200217Ia 4500
003 OSt
005 20220926044734.0
006 a|||||r|||| 00| 0
007 ta
008 220923b |||||||| |||| 00| 0 eng d
037 _cGeneral Book
040 _aRTL
_cRTL
_beng
041 _2eng
_aeng
082 _aV1N4:20j17.N6, K5
100 _aSud Usha
_954833
245 0 _aUnited Nations and the non-self-governing territor
260 _c1965
650 _aHistory
942 _hV1N4:20j17.N6, K5
_cGB
_2CC
999 _c675653
_d675653